Como se hace un crayon / (Record no. 18175)

MARC details
000 -LEADER
fixed length control field 00722nam a22002297a 4500
001 - CONTROL NUMBER
control field sjds170126
003 - CONTROL NUMBER IDENTIFIER
control field sjds
005 - DATE AND TIME OF LATEST TRANSACTION
control field 20170708101948.0
008 - FIXED-LENGTH DATA ELEMENTS--GENERAL INFORMATION
fixed length control field 170708b nyu||||| |||| 00| 0 spa d
020 ## - INTERNATIONAL STANDARD BOOK NUMBER
International Standard Book Number 9780590468312 (pbk.)
020 ## - INTERNATIONAL STANDARD BOOK NUMBER
International Standard Book Number 0590468316 (pbk.)
040 ## - CATALOGING SOURCE
Transcribing agency sjds
041 ## - LANGUAGE CODE
Language code of text/sound track or separate title spa
100 ## - MAIN ENTRY--PERSONAL NAME
Personal name Charles, Oz.
240 ## - UNIFORM TITLE
Uniform title <a href="How is a crayon made?">How is a crayon made?</a>
245 ## - TITLE STATEMENT
Title Como se hace un crayon /
Statement of responsibility, etc. texto y fotografias de Oz Charles.
260 ## - PUBLICATION, DISTRIBUTION, ETC. (IMPRINT)
Place of publication, distribution, etc. NY :
Name of publisher, distributor, etc. Scholastic,
Date of publication, distribution, etc. 1988.
300 ## - PHYSICAL DESCRIPTION
Extent [32] pages. :
Other physical details col. ill. ;
Dimensions 22 cm
520 ## - SUMMARY, ETC.
Summary, etc. Describes, in text and step-by-step photographs, the manufacture of a crayon from wax to finished product.
650 #0 - SUBJECT ADDED ENTRY--TOPICAL TERM
Topical term or geographic name as entry element Crayons
Form subdivision Juvenile literature
942 ## - ADDED ENTRY ELEMENTS (KOHA)
Source of classification or shelving scheme Dewey Decimal Classification
Koha item type Libro/Book
Holdings
Withdrawn status Lost status Damaged status Not for loan Home library Current library Date acquired Inventory number Total Checkouts Full call number Barcode Date last seen Date checked out Price effective from Koha item type Source of classification or shelving scheme
        Genizero -- Satellite Genizero -- Satellite 23/10/2017       35601580 23/10/2017   23/10/2017 Libro/Book Dewey Decimal Classification
        Las Pampas -- Satellite Las Pampas -- Satellite 08/07/2017 inventory date: 17-1-25 1 JNC 35701566 20/05/2024 05/03/2024 08/07/2017 Libro/Book  

Powered by Koha